000 00969nam a2200277Ia 4500
003 OSt
005 20221006153413.0
006 a|||||r|||| 00| 0
007 ta
008 221006b |||||||| |||| 00| 0 eng d
020 _a9780674019638
024 _a32,234
037 _bGift, Prof. Sonoko Hijikata
_cTextual
040 _aEASL
_cEASL
_beng
041 _2eng
_aeng
082 _aV42:191,(zL).N92, P5
100 _aPAN Liang
_9663732
245 0 _aUnited Nations in Japan's foreign and security policymaking, 1945-1992
_b National security, party politics, and international status
260 _aCambridge
_bHarvard University Press
_c2005
300 _a384p.
_ccm.
490 _v JEL
_aHarvard East Asian Monographs ; 257
650 _a National Security - Japan
_9663733
650 _aUnited Nations - Japan
_9663734
942 _hV42:191,(zL).N92, P5
_cTEXL
_2CC
999 _c1100320
_d1100320